000
00317 a2200157 4500
001
170236
020
_a
040
_c
Magnum
100
_a
Gagliardi, Eliana; Amaral, Heloisa
240
1
0
_a
Conto de fadas
_l
por
245
1
0
_a
Conto de fadas
362
0
_a
1899
440
1
_a
FTD
697
_a
GERAL
942
_c
BK
999
_c
170236
_d
170236